|
|
|
|
| LEADER |
00000cab a2200000 a 4500 |
| 001 |
029537 |
| 003 |
UAHC_CL |
| 005 |
20170803123109.0 |
| 008 |
031120b xx j 000 1 spa |
| 040 |
|
|
|a UAHC_CL
|c UAHC_CL
|d UAHC_CL
|
| 100 |
1 |
|
|a Pinto Vallejos, Julio
|d 1956-
|
| 245 |
1 |
0 |
|a En el camino de la mancomunal :
|b Organizaciones obreras en la provincia de Tarapacá, 1880-1895.
|
| 260 |
|
|
|b Universidad de Chile
|c 1994
|a Santiago, Chile
|
| 300 |
|
|
|a pp. 81-135
|
| 500 |
|
|
|a En: Cuadernos de Historia. -- n¼. 14 (Diciembre de 1994), pp. 7-19
|
| 500 |
|
|
|a En: Cuadernos de Historia. -- nº. 14 (Diciembre de 1994), pp. 7-19
|
| 520 |
|
|
|a A fines de octubre de 1889, un grupo de quince artesanos iquiqueños decidió organizar una sociedad de socorros mutuos. informando oficial y repetuaosamente de tal propósito, el intendente provincial Ramón Yávar ofreció a la naciente asociaciión todo su apoyo y expresó su complacencia ante ese género de iniciativas.
|
| 520 |
|
|
|a A fines de octubre de 1889, un grupo de quince artesanos iquiqueños decidió organizar una sociedad de socorros mutuos. informando oficial y repetuaosamente de tal propósito, el intendente provincial Ramón Yávar ofreció a la naciente asociaciión todo su apoyo y expresó su complacencia ante ese género de iniciativas.
|
| 759 |
|
|
|a PP048
|
| 773 |
0 |
|
|t Cuadernos de historia.
|w 029418
|
| 900 |
|
|
|a CUAD. HIST.-14/94
|
| 942 |
|
|
|c REVA
|
| 952 |
|
|
|0 0
|1 0
|4 0
|6 CUAD___HIST_14_94_000000000000000
|7 0
|8 General
|9 58125
|a BC
|b BC
|c General
|d 2017-08-03
|l 0
|o CUAD. HIST.-14/94
|p FICTICIO1952
|r 2019-01-08 00:00:00
|t 1
|w 2017-08-03
|y REVA
|
| 999 |
|
|
|c 29537
|d 29537
|